00449nam a22001217a 4500003000200000005001700002008004100019050002200060245011300082260008000195300003000275500002200305020221017140348.0221017b xxu||||| |||| 00| 0 eng d aHE289b.Ad33 2019 aGeneral transport rental company IT project plan: implementing a fleet management systemcLisandro A. Adamos aLas Pinas, PhilippinesbSouthville International School and CollegescC2019 aviii,61pp.c28cm.fTheses aTransport rental.